00877nam a2200289Ia 4500003000400000005001700004008004100021040001000062041000800072082002300080110003100103245008300134260005300217300001600270650001900286650002900305650003200334942000700366942001100373942001100384942001100395942001100406942001100417942001100428999001700439952013100456OSt20250114144604.0250114s9999||||xx |||||||||||||| ||und|| cSTCPL aENG a230.030bMCG-N V.7 aMcGraw Hill Book Comapany  0aNew catholic encyclopedia Vol.7 :bHis to jub /cby McGraw Hill Book Comapany  aNew York :bMcGraw Hill Book Comapany ,c1966 . a1141 p.bHB aEncyclopaedia  aChristian encyclopaedia  aHistory of catholic church  cBK 2ddcn0 2ddcn0 2ddcn0 2ddcn0 2ddcn0 2ddcn0 c84349d84349 00102ddc408GK71aSTCPLbSTCPLcR-GKd2021-07-10g328.00l0o230.030 MCG-N V.7p40502r2021-07-10 00:00:00w2021-07-10yBK